| 000 | 00565nam a2200205 a 4500 | ||
|---|---|---|---|
| 001 | 79 | ||
| 003 | CDMR | ||
| 005 | 20131112123342.0 | ||
| 008 | 130130s1981||||||||||||||||||||||||||||d | ||
| 020 | _a0814456065 | ||
| 040 |
_aCDMR _bcat _cCDMR |
||
| 100 | 1 |
_aMaddalena, Lucille A. _977 |
|
| 245 | 1 | 2 | _aA communications manual for nonprofit organizations |
| 260 |
_aNew York _c1981 _bAmacom |
||
| 300 | _a222 p. | ||
| 650 | 0 | 5 |
_92798 _aComunicació en l'empresa |
| 650 | 0 | 5 |
_94335 _aOrganitzacions no governamentals |
| 650 | 0 | 5 |
_92775 _aRelacions públiques |
| 942 |
_cMON _2udc |
||
| 999 |
_c79 _d79 |
||